00593nam a2200193 i 450000100060000000300090000600500170001500700030003200800410003508000120007610000200008824501350010825000120024326000360025530000290029165000200032070000370034085200220037787181ES-MaACL20230906175619.0t|041220s1961 sp ||||1| spa d a613.8841 aKnaus, Hermann.14aLos días fértiles e infértiles de la mujer / cpor Hermann Knaus ; traducción del alemán por J.M. Dexeus Trías de Bes. a3ª ed. aBarcelona : bJuventud, c1961. a80 p. : bil. ; c21 cm. 4aMétodo Ogino.1 aDexeus, José María (d1924-)4 aES-MaACLjC-21002